| 000 | 00791nam a22002297a 4500 | ||
|---|---|---|---|
| 999 |
_c104711 _d104711 |
||
| 005 | 20181201124936.0 | ||
| 010 | _aENG-116616 | ||
| 020 |
_a9789351436454 _c1995.00 |
||
| 035 | _aEN-100148 | ||
| 037 | _bDBAD/PUB | ||
| 082 | _a346.540664 | ||
| 100 | _aBhandari | ||
| 245 |
_aBhandari and Makheeja guide to memorandum articles and incorporation of companies / _cby M.C.Bhandari [and] R.D.Makheeja |
||
| 250 |
_a6th ed. by Ramakrishnan Viraraghavan _b |
||
| 260 |
_aGurgaon _bLexisNexis _c2016 |
||
| 270 |
_a14th Floor, Building No.10, Tower-B, DLF Cyber City, Phase-II _bGurgaon _e122002 |
||
| 300 |
_axxxii,1735p., _c24cm(pbk) |
||
| 500 | _aIncludes index | ||
| 700 | _aR.D.Makheeja | ||
| 700 | _a Viraraghavan,Ramakrishnan | ||
| 942 |
_2ddc _cEN _mBHA _h346.540664 |
||